000 00546nam a2200181Ia 4500
008 090124s9999 xx 000 0 und d
082 _b118489
100 _aशेंडे ना.रा.
245 _a शृंगारलेले प्रेत
250 _a1
260 _c1980
300 _a160
600 _aशेंडे ना.रा.
630 _a शृंगारलेले प्रेत
700 _aशेंडे ना.रा.
730 _a शृंगारलेले प्रेत
942 _cBOOK
999 _c164575
_d164575